000 00409nam a2200169Ia 4500
001 11854
003 IN-NITTTR
005 20251114233111.0
008 251113s9999||||xx |||||||||||||| ||eng||
040 _beng
040 _cIN-NITTTR
041 _aeng
082 _a697 P826H R
100 _aPorges, F.
245 0 _aHand book of Heating, ventilating and air conditioning. /
_cPorges, F.
942 _2ddc
_cBK
999 _c14490
_d14490